| 000 | 00810nam a2200253Ia 4500 | ||
|---|---|---|---|
| 001 | dia_3150 | ||
| 003 | CHAP | ||
| 005 | 20230310111732.0 | ||
| 008 | 220117s1999 xx 000 0 und d | ||
| 010 | _a173649 | ||
| 040 | _cCHAP | ||
| 082 | _a658.562 C4 | ||
| 100 |
_aChang, Richard Y. _9154174 |
||
| 245 |
_aLas Herramientas para la Mejora Continua de la Calidad, Guía Práctica para lograr Resultados Positivos / _c por Richard Y. Chang y Matthew E. Niedzwiecki |
||
| 260 |
_aArgentina : _b Ediciones Gramica, _c1999 |
||
| 300 | _a2 v. | ||
| 400 | _aSERIE PARA LA MEJORA CONTINUA DE LA CALIDAD | ||
| 500 | _aC/e | ||
| 650 |
_a1.Calidad, control de _9154173 |
||
| 901 | _a658.562 C4 | ||
| 902 | _aM | ||
| 905 | _a0000001999 ARGX 0000000000ESP00 | ||
| 942 |
_cLIBRO _2ddc |
||
| 999 |
_c173649 _d173649 |
||